MULA AND THE SNOOTY MONKEY / (Record no. 190313)

MARC details
000 -LEADER
fixed length control field 01138nam a2200301 i 4500
005 - DATE AND TIME OF LATEST TRANSACTION
control field 20221130160013.0
008 - FIXED-LENGTH DATA ELEMENTS--GENERAL INFORMATION
fixed length control field 221130s2022 -uka j 000 1 eng d
020 ## - INTERNATIONAL STANDARD BOOK NUMBER
International Standard Book Number 9781782267607
Terms of availability RM 80.21
Qualifying information hardback
040 ## - CATALOGING SOURCE
Original cataloging agency PPAK
Language of cataloging eng
Transcribing agency PPAK
Description conventions rda
082 04 - DEWEY DECIMAL CLASSIFICATION NUMBER
Classification number 428.6
Edition number 23
090 00 - LOCALLY ASSIGNED LC-TYPE CALL NUMBER (OCLC); LOCAL CALL NUMBER (RLIN)
Classification number (OCLC) (R) ; Classification number, CALL (RLIN) (NR) 428.6
Feature heading HOF
Feature heading K
100 1# - MAIN ENTRY--PERSONAL NAME
Personal name Hoffmeier, Lauren,
Relator term author.
245 10 - TITLE STATEMENT
Title MULA AND THE SNOOTY MONKEY /
Statement of responsibility, etc. Lauren HOFFMEIER ; ILLUSTRATED BY Ela SMIETANKA
250 ## - EDITION STATEMENT
Edition statement 2022 Edition
264 #1 - PRODUCTION, PUBLICATION, DISTRIBUTION, MANUFACTURE, AND COPYRIGHT NOTICE
Place of production, publication, distribution, manufacture Leicester :
Name of producer, publisher, distributor, manufacturer Sweet Cherry Publishing Limited ,
Date of production, publication, distribution, manufacture, or copyright notice 2022
300 ## - PHYSICAL DESCRIPTION
Extent 1 volume (unpaged) :
Other physical details colour illustrations ;
Dimensions 25 x 25 cm.
336 ## - CONTENT TYPE
Content type term text
Source rdacontent
Content type term still images
Source rdacontent
337 ## - MEDIA TYPE
Media type term unmediated
Source rdamedia
338 ## - CARRIER TYPE
Carrier type term volume
Source rdacarrier
490 1# - SERIES STATEMENT
Series statement A FUN YOGA STORY
500 ## - GENERAL NOTE
General note "After the mischievous little Fly helped Mula the sleepy tiger to wake up and get energized, they're back to help Svadi, a very snooty monkey, stop worrying about what others think!".
650 10 - SUBJECT ADDED ENTRY--TOPICAL TERM
Topical term or geographic name entry element Readers
Form subdivision Fiction.
Topical term or geographic name entry element Yoga
Form subdivision Fiction.
700 1# - ADDED ENTRY--PERSONAL NAME
Personal name Smietanka, Ela,
Relator term illustrator.
830 #0 - SERIES ADDED ENTRY--UNIFORM TITLE
Uniform title A fun yoga story
942 ## - ADDED ENTRY ELEMENTS (KOHA)
Source of classification or shelving scheme Dewey Decimal Classification
Koha item type Book
Holdings
Withdrawn Not for loan Current library Shelving location Date acquired Total Checkouts Total Renewals Full call number Barcode Date last seen Date last checked out Koha item type Checked out
    Perpustakaan Alor Setar Pinjaman Kanak-kanak 19/01/2023 6 1 K 428.6 HOF A01766147 16/03/2024 06/03/2024 Book  
    Perpustakaan Awam Sungai Petani Pinjaman Kanak-kanak 19/01/2023 13 2 K 428.6 HOF A01766148 28/06/2026 28/06/2026 Book 19/07/2026
    Perpustakaan Merbok Pinjaman Kanak-kanak 19/01/2023 3   K 428.6 HOF A01766149 14/11/2023 24/10/2023 Book